000 00244nam a2200109Ia 4500
999 _c10004
_d10004
020 _a978-0073376769
100 _aJames A. O'Brien
245 0 _aManagement Information Systems
260 _aIndia
_bDorling
_c1999
300 _a558
942 _cBK